|
|
|
|
| LEADER |
01068nab a2200325 i 4500 |
| 001 |
publ19437 |
| 005 |
20200904135104.0 |
| 008 |
200904s2020 hu o 0|| zxx d |
| 022 |
|
|
|a 0250-7005
|
| 024 |
7 |
|
|a 10.21873/anticanres.14425
|2 doi
|
| 024 |
7 |
|
|a 31567225
|2 mtmt
|
| 040 |
|
|
|a SZTE Publicatio Repozitórium
|b hun
|
| 041 |
|
|
|a zxx
|
| 100 |
1 |
|
|a Végváry Zoltán
|
| 245 |
1 |
0 |
|a Adaptive Radiotherapy for Glioblastoma Multiforme – The Impact on Disease Outcome
|h [elektronikus dokumentum] /
|c Végváry Zoltán
|
| 260 |
|
|
|c 2020
|
| 300 |
|
|
|a 4237-4244
|
| 490 |
0 |
|
|a ANTICANCER RESEARCH
|v 40 No. 8
|
| 700 |
0 |
1 |
|a Darázs Barbara
|e aut
|
| 700 |
0 |
1 |
|a Paczona Viktor
|e aut
|
| 700 |
0 |
1 |
|a Dobi Ágnes
|e aut
|
| 700 |
0 |
1 |
|a Reisz Zita
|e aut
|
| 700 |
0 |
1 |
|a Varga Zoltán
|e aut
|
| 700 |
0 |
1 |
|a Fodor Emese
|e aut
|
| 700 |
0 |
1 |
|a Cserháti Adrienn
|e aut
|
| 700 |
0 |
1 |
|a Oláh Judit Magdolna
|e aut
|
| 700 |
0 |
1 |
|a Kis Dávid
|e aut
|
| 700 |
0 |
1 |
|a Barzó Pál
|e aut
|
| 700 |
0 |
1 |
|a Hideghéty Katalin
|e aut
|
| 856 |
4 |
0 |
|u http://publicatio.bibl.u-szeged.hu/19437/1/4237.full.pdf
|z Dokumentum-elérés
|